| 000 | 01102cam a22003134a 4500 | ||
|---|---|---|---|
| 001 | 2059 | ||
| 005 | 20250429083022.0 | ||
| 020 | _a9780439927840 | ||
| 020 | _a9780439927840 | ||
| 040 |
_aDLC _cDLC _dDLC _beng |
||
| 050 | 0 | 0 | _aTL147 |
| 082 | 0 | 0 | _a629.225 |
| 100 | 1 | _aMayo, Margaret | |
| 245 | 1 | 0 |
_aDig dig digging / _cwritten by Margaret Mayo ; illustrated by Alex Ayliffe |
| 250 |
_aFirst Scholastic printing, November 2006 _bOriginally published in England in 2001 by Orchard books |
||
| 260 |
_aNew York : _bScholastic, _c2002 |
||
| 300 | _c29 cm. | ||
| 500 | _a"Originally published in England in 2001 by Orchard Books"--T.p. verso | ||
| 505 | _aK | ||
| 520 | _aSimple rhymes introduce various large vehicles, such as dump trucks, fire engines, and tractors, and describe the work that they do. | ||
| 521 |
_a540
_bLexile |
||
| 521 |
_aK
_bRaz-Plus |
||
| 650 | 0 |
_aMotor vehicles _vJuvenile literature. |
|
| 650 | 1 | _aMotor vehicles. | |
| 650 | 1 | _aTechnology | |
| 700 | 1 |
_aAyliffe, Alex _eillustrator |
|
| 906 |
_a7 _bcbc _corignew _d1 _eecip _f20 _gy-gencatlg |
||
| 942 |
_2ddc _cBK _n0 |
||
| 999 |
_c2059 _d2059 |
||